Meistbesuchte Länder von Deutschen - Statistiken

Allgemein
  • Dieses Quiz wurde 892 mal gespielt
  • Das Durchschnittsergebnis liegt bei 8 aus 9
Antwortstatistiken
Hint Antwort % Korrekt
4,98% Spanien
98%
11,89% Italien
97%
2,78% Österreich
96%
4.04% Frankreich
95%
4,80% Niederlande
92%
1,31% Polen
90%
3,77% Dänemark
85%
1,54% Griechenland
73%
13,09% Kroatien
69%
Keine übereinstimmenden Quizze gefunden
Verteilung der Resultate
Anzahl Personen mit jedem Resultat
Perzentil nach korrekt beantworteten Fragen
Ihre Resultats-Entwicklung
Sie haben dieses Quiz noch nicht gespielt